Green revolution and agricultural labour (Record no. 39807)

MARC details
000 -LEADER
fixed length control field 00321nam a2200121Ia 4500
082 ## - DEWEY DECIMAL CLASSIFICATION NUMBER
Classification number 338.43.02
Item number AHL
100 ## - MAIN ENTRY--AUTHOR NAME
Personal name AHLAWAT, S R
245 #0 - TITLE STATEMENT
Title Green revolution and agricultural labour
260 ## - PUBLICATION, DISTRIBUTION, ETC. (IMPRINT)
Place of publication Delhi
Name of publisher Deep &Deep Pub
Year of publication 1988
650 ## - SUBJECT ADDED ENTRY--TOPICAL TERM
Topical Term Green revolution
942 ## - ADDED ENTRY ELEMENTS (KOHA)
Koha item type Books
Holdings
Withdrawn status Lost status Damaged status Not for loan Home library Current library Date acquired Full call number Accession Number Koha item type
        RRII Library RRII Library 16/12/2021 338.43.02 AHL 20124 Books